zpět

Detail výsledku týmu

Pivovar Born, Nový Bor

Datum a čas kvízu

32.5 Celkem bodů Celkový počet nahraných bodů na tomto kvízu bez doplňovacích otázek.
6. Pořadí na kvízu Konečné umístění týmu na tomto kvízu.

Zaznamenané odpovědi

# Otázka Odpověď Body Výsledky
1. Danuše Nerudová přijala nabídk... STAN 0
2. Berlínští policisté museli min... o mývaly 0
3. Který oblíbený zahraniční here... Robert De Niro 0
4. Tisíce lidí se v úterý shromáž... v Irsku 1
5. Bývalý pilot Formule 1 podal m... Felipe Massa 1
6. Léto je v plném proudu a my vá... Staré Hrady 1
7. Festival Hrady CZ objíždí již... D 0
8. Již od roku 1946 patří k létu... Mariánské Lázně 1
9. K létu neodmyslitelně patří ko... Pastviny (Pastvinská přehrada) 0
10. Přiřaďte následující oblíbené... 1B 2D 3A 4C 1